| 000 | 01311cam a22003615i 4500 | ||
|---|---|---|---|
| 999 |
_c28483 _d28454 |
||
| 001 | 13549081 | ||
| 003 | EG-ScBUE | ||
| 005 | 20200812122825.0 | ||
| 008 | 040406s2003 enka f b 001 0 eng d | ||
| 020 | _a0340762748 (pbk.) | ||
| 020 | _a9780340762745 | ||
| 035 | _a(OCoLC)ocm52056715 | ||
| 040 |
_aUk _beng _erda _cUk _dOCoLC _dDLC _dEG-ScBUE |
||
| 082 | 0 | 4 |
_a302.23072 _bSCH _222 |
| 100 | 1 |
_aSchrøder, Kim, _eauthor. |
|
| 245 | 0 | 0 |
_aResearching audiences / _cKim Schrøder [and three other]. |
| 264 | 1 |
_aLondon : _bArnold / Hodder Headline Group, _c2003. |
|
| 300 |
_ax, 422 pages : _billustration ; _c24 cm. |
||
| 336 |
_atext _btxt _2rdacontent |
||
| 337 |
_aunmediated _bn _2rdamedia |
||
| 338 |
_avolume _bnc _2rdacarrier |
||
| 504 | _aIncludes bibliographical references and index. | ||
| 650 | 7 |
_aMass media _xAudiences _xResearch. _2BUEsh |
|
| 650 | 7 |
_aMass media _xInfluence _xResearch. _2BUEsh |
|
| 653 |
_bCOMAME _cJuly2020 |
||
| 655 |
_vReading book _934232 |
||
| 700 | 1 |
_aDrotner, Kirsten, _eauthor. |
|
| 700 | 1 |
_aKline, Stephen, _eauthor. |
|
| 700 | 1 |
_aMurray, Catherine, _eauthor. |
|
| 856 | 4 | 1 |
_3Table of contents only _uhttp://www.loc.gov/catdir/toc/fy045/2004270880.html |
| 856 | 4 | 2 |
_3Publisher description _uhttp://www.loc.gov/catdir/enhancements/fy0620/2004270880-d.html |
| 942 |
_2ddc _cBB |
||